Les Capitaines de l'Equipe de France de Foot en Coupe du Monde - Statistiques

Statistiques générales
  • Ce quiz a été pris 205 fois
  • Le résultat moyen est 8 sur 18
Statistiques - réponses
Réponse % Correct
Hugo Lloris
99%
Zinedine Zidane
98%
Didier Deschamps
94%
Michel Platini
91%
Raphaël Varane
79%
Patrice Evra
70%
Marcel Desailly
69%
Patrick Vieira
61%
Marius Trésor
51%
Roger Marche
18%
Alou Diarra
16%
Robert Jonquet
15%
Patrick Battiston
8%
Armand Penverne
5%
Marcel Artelesa
4%
Alexandre Villaplane
2%
Alexis Thépot
2%
Etienne Mattler
1%
Aucun quiz correspondant
Distribution des résultats
% des personnes avec chaque résultat
Percentile par nombre de réponses
Votre historique - résultats
Vous n’avez pas pris ce quiz